00660 2200241 4500001002100000005001700021008004100038020002200079035002400101041000800125043001200133082001100145090002200156100002300178245007900201250001000280260003400290300002700324504001100351650002200362850001200384999002200396YOGYA-0511000000127220110523094046.0 ind  a978-979-26-1807-5 0010-051100000001271 aInd aYOPDYOG a641.65 aDEP 641.65bMah D aMahasiru, Taurisia a18 resep variasi olahan jamurcTaurisia Mahasin ; penyunting Trisnanoan Hb aCet.1 aYogyakartabCitra Mediac2010 aV, 55 hlmbilusc24 cm ahlm 54 aMasakan ( Jamur ) aYOPDYOG aCB-D.11 2010-1437